Statistics for Manchester United Players

Click here to take the quiz!

General Stats

  • This quiz has been taken 255 times
  • The average score is 6 of 10

Answer Stats

HintAnswer% Correct
ST (Mexico)Chicharito
87%
RW (Portugal)Nani
80%
ST (Trinidad and Tobago)Dwight Yorke
76%
CM (Brazil)Anderson
73%
CB (Holland)Jaap Stam
72%
Utility DF (Ireland)John O'Shea
63%
LW (England)Ashley Young
45%
LB (Holland)Buttner
37%
GK (Italy)Massimo Taibi
29%
RB (England)Chris Smalling
18%

Score Distribution

Percentile by Number Answered

Percent of People with Each Score

Your Score History

You have not taken this quiz